00276nam a2200121Ia 4500008004100000100001800041245002400059260002600083300000800109650001300117942000700130999001700137190216s9999||||xx |||||||||||||| ||und|| aKochubava T.V 0aOnnangane Onningane bPoorna Pubs Kozhikode a101 aKathakal cBK c27523d27523